Qué fue de Sophie Wilder /
Charlie is living in New York, on Washington Square, struggling to write his second novel, when his college love, Sophie, returns. She tells Charlie the story of her life since then, particularly the days she spent taking care of a dying man with his own terrible past.
保存先:
| 第一著者: | |
|---|---|
| その他の著者: | |
| フォーマット: | 電子媒体 eBook |
| 言語: | スペイン語 英語 |
| 出版事項: |
Barcelona, España :
Libros del Asteroide S.L.U.,
[2014]
|
| シリーズ: | Libros del Asteroide ;
128. |
| 主題: | |
| オンライン・アクセス: | Digitalia Hispánica |
| タグ: |
タグ追加
タグなし, このレコードへの初めてのタグを付けませんか!
|
MARC
| LEADER | 00000nam a2200000Ii 4500 | ||
|---|---|---|---|
| 001 | DIGLIBASTRD0052 | ||
| 003 | NyNyDIG | ||
| 007 | cr ||||||||||| | ||
| 008 | 180312s2014 sp o 000 f spa d | ||
| 006 | m o d | ||
| 035 | |a (OCoLC)1028619659 | ||
| 040 | |a DGITA |b eng |e rda |e pn |c DGITA | ||
| 020 | |a 9788415625872 |q (eBook ; |q ePub) | ||
| 020 | |a 8415625871 |q (eBook ; |q ePub) | ||
| 020 | |z 9788415625759 | ||
| 020 | |z 8415625758 | ||
| 041 | 1 | |a spa |h eng | |
| 043 | |a n-us-ny | ||
| 050 | 1 | 4 | |a PS3602.E375 ebook |
| 082 | 0 | 4 | |a 813.6 |a Fic |
| 100 | 1 | |a Beha, Christopher R., |e author. | |
| 240 | 1 | 0 | |a What happened to Sophie Wilder. |l Spanish |s (Alou) |
| 245 | 1 | 0 | |a Qué fue de Sophie Wilder / |c Christopher R. Beha ; traducción de Damià Alou. |
| 264 | 1 | |a Barcelona, España : |b Libros del Asteroide S.L.U., |c [2014] | |
| 300 | |a 1 online resource. | ||
| 336 | |a text |b txt |2 rdacontent | ||
| 337 | |a computer |b c |2 rdamedia | ||
| 338 | |a online resource |b cr |2 rdacarrier | ||
| 520 | |a Charlie is living in New York, on Washington Square, struggling to write his second novel, when his college love, Sophie, returns. She tells Charlie the story of her life since then, particularly the days she spent taking care of a dying man with his own terrible past. | ||
| 588 | 0 | |a Online resource; title from ePub title page (Digitalia, viewed March 14, 2018) | |
| 650 | 0 | |a Authors |v Fiction. | |
| 650 | 0 | |a Storytelling |v Fiction. | |
| 651 | 0 | |a New York (N.Y.) |v Fiction. | |
| 655 | 7 | |a Domestic fiction. |2 lcgft | |
| 655 | 0 | |a Electronic books. | |
| 700 | 1 | |a Alou, Damià, |e translator. | |
| 700 | 1 | |i Translation of: |a Beha, Christopher R. |t What happened to Sophie Wilder. | |
| 791 | 2 | |a Digitalia (Firm), |e distributor. | |
| 793 | 0 | |g Digitalia eBook Collection: |a Libros del Asteroide | |
| 776 | 0 | 8 | |i Print version: |a Beha, Christopher R. |s What happened to Sophie Wilder. Spanish (Alou) |t Qué fue de Sophie Wilder. |b Primera edición. |d Barcelona, España : Libros Del Asteroide, 2014 |z 9788415625759 |w (OCoLC)928134441 |
| 830 | 0 | |a Libros del Asteroide ; |v 128. | |
| 856 | 4 | 0 | |3 Digitalia Hispánica |u https://digitalia.unach.elogim.com/a/33377/ |
| 910 | |a Premium collection: 2018 | ||